| 000 | 00554nam a22002057a 4500 | ||
|---|---|---|---|
| 999 |
_c36486 _d36486 |
||
| 003 | OSt | ||
| 005 | 20250606125001.0 | ||
| 008 | 250606b ||||| |||| 00| 0 spa d | ||
| 020 | _a978-950-897-611-6 | ||
| 040 | _cBiblioteca Ernesto Sábato | ||
| 092 |
_aD342.982 _bO69 _eBDGR |
||
| 100 | _aOrihuela, Andrea M. | ||
| 245 |
_aConstitución nacional _b: comentada |
||
| 250 | _a9a. ed. | ||
| 260 |
_aBuenos Aires _bEstudio _c2019 |
||
| 300 | _a351 p. | ||
| 440 | _aTextos comentados | ||
| 650 | _aARGENTINA-CONSTITUCIÓN NACIONAL | ||
| 942 |
_2ddc _cBDGR |
||